Normal view
MARC view
Entry Personal Name
001 - CONTROL NUMBER
- control field: 14746
003 - CONTROL NUMBER IDENTIFIER
- control field: ARRUPE
005 - DATE AND TIME OF LATEST TRANSACTION
- control field: 20150129140925.0
008 - FIXED-LENGTH DATA ELEMENTS
- fixed length control field: 150129|| aca||aabn | a|a d
040 ## - CATALOGING SOURCE
- Original cataloging agency: ARRUPE
- Transcribing agency: ARRUPE
100 ## - HEADING--PERSONAL NAME
- Personal name: Hegel, Georg Wilhelm Friedrich,
- Dates associated with a name: 1770-1831.
670 ## - SOURCE DATA FOUND
- Source citation: Work cat.: (ARRUPE)0: Croce, Benedetto, 1866-1952. 14745, What is living and what is dead of the philosophy of Hegel, 2012.